000 00506nam a2200181Ia 4500
005 20260429112037.0
008 260429s9999||||xx |||||||||||||| ||und||
020 _a9781804896532
041 _aEnglish
082 _a338.4791
_bIQB
100 _aIqbal, Mandy
245 0 _aModern tourism in global perspective /
_cMandy Iqbal
260 _aUnited Kingdom :
_bBrilliant Publication Ltd. ,
_c2026.
300 _aviii, 280p.; hb
650 _a Global tourism
650 _aTourism studies
942 _cTB
999 _c52052
_d52052